000 00634nam a22001937a 4500
999 _c180883
_d180883
005 20210823131210.0
010 _aENG-129768
020 _c295.00
_a9789388478373
035 _aEN-113300
037 _bDBAD/PUB
082 _a796.522092
100 _aThota, Aparna
245 _aPoorna:
_cAparna Thota
_bThe Youngest Girl in the World to Scale Mount Everest/
250 _a2019
260 _bPrism Books Pvt. Ltd.
_c2019
_aBengaluru
270 _mlogistics@prismbooks.com
_bBengaluru
_e560070
_a1865, 32nd cross, 10th Main BSK II Stage,
300 _axvii,162p.
_c23cm (pbk)
942 _2ddc
_cEN
_h796.522092
_kTHO